Flags of the United Arab Emirates - Statistics

General Stats
  • This quiz has been taken 8 times
  • The average score is 5 of 7
Answer Stats
Picture Answer % Correct
Abu Dhabi
100%
Dubai
100%
Ajman
71%
Fujairah
71%
Ras al Khaimah
71%
Sharjah
71%
Umm Al Quwain
57%
No matching quizzes found
Score Distribution
Percent of People with Each Score
Percentile by Number Answered
Your Score History
You have not taken this quiz